Statistiques concernant Culture Générale - Série 1482

Cliquez ici pour prendre le quiz!

Statistiques générales

  • Ce quiz a été pris 55 fois
  • Le résultat moyen est 5 sur 10

Statistiques - réponses

QuestionRéponse% Correct
Quel mot, d'origine italienne, désigne le cuisinier professionnel qui confectionne les pizzas ?pizzaïolo
96%
D'après l'étymologie du mot, quels animaux élève un "pisciculteur" ?poissons
84%
Quel fromage italien est utilisé dans la recette traditionnelle du tiramisu ?mascarpone
84%
De quel compositeur français Jean-Michel Jarre est-il le fils ?Maurice Jarre
48%
D'après l'étymologie du mot, de quels organes un médecin "sénologue" s'occupe-t-il particulièrement ?seins
40%
Quel fruit, aussi appelé "Pomme d'amour", fait la fierté de la ville de Marmande ?tomate
40%
Dans le film de Jean-Pierre Jeunet "Le Fabuleux Destin d'Amélie Poulain", quel métier exerce le personnage interprété par Audrey Tautou ?serveuse
38%
Quel écrivain marocain, d'expression française, prénommé Tahar, a obtenu le prix Goncourt pour son roman “La Nuit sacrée” ?Tahar Ben Jelloun
36%
Quel était le prénom de la célèbre chanteuse de jazz madame Vaughan ?Sarah
18%
Quel acteur et metteur en scène de théâtre a fondé le théâtre de l'Atelier, à Paris ?Charles Dullin
2%

Distribution des résultats

Percentile par nombre de réponses

% des personnes avec chaque résultat

Votre développement - résultats

Vous n’avez pas pris ce quiz